Statistics for Chess World Number Ones

Click here to take the quiz!

General Stats

  • This quiz has been taken 30 times
  • The average score is 9 of 13

Answer Stats

NationalityYearsPlayer% Correct
United States1971-1974Bobby Fischer
100%
Russia1984-2006Garry Kasparov
100%
Norway2010-presentMagnus Carlsen
100%
Soviet Union1976-1983,1985Anatoly Karpov
96%
India2007-2008, 2010-2011Viswanathan Anand
96%
Russia1996, 2008Vladimir Kramnik
85%
Hungary1989-2015Judit Polgar
70%
Bulgaria2006,2008-2009Veselin Topalov
70%
China2015-presentHou Yifan
59%
Hungary/USA1984, 2005Susan Polgar
59%
Sweden1983-1984Pia Cramling
30%
Soviet Union/Georgia1980-1983, 1985-1988Maia Chiburdanidze
7%
Soviet Union/Georgia1971-1979Nona Gaprindashvili
7%

Score Distribution

Percentile by Number Answered

Percent of People with Each Score

Your Score History

You have not taken this quiz